Annus 96: agenda horribilis

Guardat en:
Dades bibliogràfiques
Autor principal: Cavallo Castro, Ascanio Raúl (Autor)
Altres autors: Martínez Poblete, Antonio (autor)
Format: Llibre
Idioma:espanyol
Publicat: Santiago Planeta 1995
Col·lecció:La Sonrisa Nacional
Matèries:
Etiquetes: Afegir etiqueta
Sense etiquetes, Sigues el primer a etiquetar aquest registre!

MARC

LEADER 00000nam a2200000 a 4500
001 UCH2197
003 CL-VaPUC
008 090604e19950000CL |||||||||||||||||spa|d
020 |a 9562471454 
082 0 4 |a Ch867  |b CAV  |2 21 
100 0 |a Cavallo Castro, Ascanio Raúl  |e author  |9 536859 
700 |a Martínez Poblete, Antonio  |e autor  |9 536860 
245 1 0 |a Annus 96: agenda horribilis 
300 |a 136 p 
942 |c BK 
945 |d 20090604 00:00:00  |a rbrito 
260 |a Santiago  |b Planeta  |c 1995 
650 7 |a SATIRAS CHILENAS  |2 CL-VaPUC  |9 419626 
583 |a last modification  |c 20120315 10:33:35  |k Rodrigo Vera 
490 0 |a La Sonrisa Nacional 
999 |c 333984  |d 333982 
952 |0 0  |1 0  |4 0  |6 CH_867_000000000000000_CAV_1995  |7 0  |8 X  |9 422682  |a FDOBUD  |b FDOBUD  |d 2019-11-22  |i 4556879  |o Ch867 CAV 1995  |p 4556879  |r 2019-11-22  |w 2019-11-22  |y BK_X  |k BUD